| 000 | 00414nam a2200181Ia 4500 | ||
|---|---|---|---|
| 003 | 0100 | ||
| 008 | 130303s9999 xx 000 0 und d | ||
| 040 | _cARRUPELIB | ||
| 050 | _aPR9387.9.E4B7 1976 | ||
| 100 | _aEmecheta, Buchi | ||
| 245 | 4 | _aThe Bride price | |
| 260 | _aIsle of Man | ||
| 260 | _bFontana PR | ||
| 260 | _C1976 | ||
| 300 | _a168p | ||
| 650 | _bBible OTApocrypha - Commentaries | ||
| 942 | 0 | 0 | _01 |
| 999 |
_c28668 _d28668 |
||